| 000 | 00503nam a2200181Ia 4500 | ||
|---|---|---|---|
| 999 |
_c37250 _d37250 |
||
| 003 | OSt | ||
| 005 | 20210312142542.0 | ||
| 008 | 190216s9999||||xx |||||||||||||| ||und|| | ||
| 020 | _a9781439880180 | ||
| 040 | _coclc | ||
| 082 |
_a511.5 _bGRO/H |
||
| 100 |
_aGross, Jonathan L _94003 |
||
| 245 | 0 |
_aHandbook Of Graph Theory / _cJonathan L Gross |
|
| 250 | _a2nd Ed. | ||
| 260 |
_bCrc Press, _c2014. _aLondon: |
||
| 300 | _a1610p | ||
| 942 |
_cBK _2ddc _h511.5 _iGRO/H _k511.5 _mGRO/H |
||